00357nam a2200133Ia 4500008004100000041000800041082001200049100001700061245004500078250001400123260004500137300003000182365001100212240624s9999 xx 000 0 und d aeng a300 KAK aKAKAR SUDHIR aINNER WORLD A PSYCHOANALYTIC STUDY OF CH a(4th ed.) c2012aNew DelhibOxford University Press axx, : 272 : p. : cm. ; 21 cRSb31